[Event "IM Marmaris Karia V 2019"]
[Site "Marmaris"]
[Date "2019.03.10"]
[Round "5.2"]
[White "Keler, Faruk"]
[Black "Nagy, Gabor"]
[Result "1/2-1/2"]
[WhiteElo "2291"]
[BlackElo "2487"]
[Annotator "TA"]
[PlyCount "60"]
[EventDate "2019.03.09"]
[EventType "schev"]
[EventCountry "TUR"]
[SourceTitle "playchess.com"]
[Source "ChessBase"]
[SourceQuality "1"]

{[%evp 9,60,24,15,4,0,0,43,40,38,0,0,-7,0,-8,41,47,83,89,72,31,51,30,39,0,30,30,43,59,50,47,64,28,17,30,26,19,145,143,214,215,215,214,204,205,220,218,206,209,216,204,204,202,203]} 1. Nf3 Nf6 2. c4 c5 3. Nc3 Nc6 4. e3 e5 5. d4 e4 6. d5 {Threatening Nd2. A34: Symmetrical English: 2 Nc3, lines with ...d5} exf3 7. dxc6 bxc6 8. Qxf3 {White is slightly better.} Bd6 9. e4 O-O 10. Bd3 Be5 11. Bf4 Bxf4 12. Qxf4 d6 13. O-O $146 ({Predecessor:} 13. Rd1) 13... Nh5 14. Qf3 Qg5 15. Be2 (15. e5 $5) 15... Nf4 16. Qg3 Qe5 17. Rfe1 Rb8 18. b3 Re8 19. Rad1 Re6 20. Bf1 Rh6 21. Kh1 $1 Rg6 22. Qe3 Bg4 (22... Rh6 $11 {keeps the balance.} 23. g3 Ne6) 23. g3 $1 $16 {[%cal Rg3f4] White is clearly better.} Qh5 (23... Nh3 $16) 24. Qxf4 $18 Rh6 {[%csl Gh6][%cal Rh5h2] [#]} 25. h3 $1 Bxh3 {[#] ( -> ...Bg2+!)} 26. Kg1 $1 Bg4 {[%csl Gh6][%cal Rh5h2]} 27. Bg2 Bxd1 28. Rxd1 Rf6 29. Qd2 Re8 30. Ne2 Qg4 {Accuracy: White = 57%, Black = 43%.} 1/2-1/2

[Event "IM Marmaris Karia V 2019"]
[Site "Marmaris"]
[Date "2019.03.10"]
[Round "5.3"]
[White "Uzumcu, Ahmet Utku"]
[Black "Bajarani, Ulvi"]
[Result "0-1"]
[WhiteElo "2211"]
[BlackElo "2460"]
[Annotator "TA"]
[PlyCount "82"]
[EventDate "2019.03.09"]
[EventType "schev"]
[EventCountry "TUR"]
[SourceTitle "playchess.com"]
[Source "ChessBase"]
[SourceQuality "1"]

{[%evp 11,82,6,39,23,21,14,27,32,33,29,31,23,17,0,0,0,6,-10,0,0,29,-4,0,0,0,0,0,-20,-25,-23,0,0,0,-36,-23,-60,-50,-81,-36,-79,-78,-74,-74,-69,-71,-121,-109,-166,-165,-154,-147,-213,-208,-216,-196,-227,-217,-453,-452,-445,-443,-439,-422,-422,-414,-1064,-1064,-1059,-987,-29978,-29979,-29976,-29971]} 1. e4 c5 2. Nf3 d6 3. d4 cxd4 4. Nxd4 Nf6 5. Nc3 a6 6. h3 g6 7. g4 {B90: Sicilian Najdorf: Unusual White 6th moves, 6 Be3 Ng4 and 6 Be3 e5} (7. g3 Bg7 8. Bg2 O-O 9. O-O Nc6 10. Be3 Nxd4 11. Bxd4 b5 12. Nd5 Bb7 13. Bxf6 Bxf6 14. Nxf6+ exf6 15. c3 Re8 16. Re1 Re6 17. Re3 Qc7 {½-½ (62) Fedoseev,V (2713)-Van Foreest,J (2617) Hoogeveen 2018}) 7... Nc6 8. Be3 Nxd4 9. Qxd4 {White has an edge.} Bg7 $1 10. Qd2 O-O 11. Bg2 Be6 12. O-O h5 $146 ({Predecessor:} 12... Nd7 13. Rab1 Qa5 14. Nd5 Qxd2 15. Bxd2 Bxd5 16. exd5 {1-0 (36) Slobodjan,R (2525)-Szekely,P (2435) Kolkata 1996}) 13. g5 Nd7 14. Bd4 Bxd4 15. Qxd4 b5 16. Nd5 Rc8 17. c3 Bxd5 18. exd5 Qb6 19. Rad1 (19. Qd2 {is interesting.} Ne5 20. Rae1 Nc4 21. Qc1 Ne5 22. Qd2) 19... Qxd4 20. Rxd4 Ne5 21. Re1 Rc4 22. Rde4 Rb8 23. a3 Kf8 24. R4e3 a5 25. Be4 b4 26. cxb4 axb4 27. a4 b3 28. Ra1 Rbb4 29. f3 (29. a5 $17 {was called for.}) 29... Nd7 $1 $19 ({Resist} 29... Rxa4 30. Rxa4 Rxa4 31. Rxb3 $17) 30. a5 {[#]} Nc5 $1 31. Ree1 {[#]} (31. Rae1 $17) 31... Ra4 $1 32. Kf2 Rcb4 ({Don't take} 32... Nxe4+ 33. fxe4 Rc2+ 34. Ke3 $17) 33. Ke3 Ra2 ({Not} 33... Nxe4 34. Rxa4 Rxa4 35. fxe4 $15) 34. Rxa2 $2 (34. Red1 {is a better defense.}) 34... bxa2 {[%mdl 4096] Endgame KRB-KRN} 35. Ra1 Rxb2 {aiming for ...Nb3.} 36. Kd4 Rb4+ 37. Kc3 Ra4 38. Kb2 (38. Bc2 $142 Rxa5 39. Kb2) 38... Nxe4 39. fxe4 Rxa5 40. Rxa2 Rxa2+ 41. Kxa2 f6 {Accuracy: White = 27%, Black = 80%.} 0-1

[Event "IM Marmaris Karia V 2019"]
[Site "Marmaris"]
[Date "2019.03.10"]
[Round "5.4"]
[White "Haussernot, Cecile"]
[Black "Sibashvili, Giorgi"]
[Result "1/2-1/2"]
[WhiteElo "2144"]
[BlackElo "2419"]
[Annotator "TA"]
[PlyCount "20"]
[EventDate "2019.03.09"]
[EventType "schev"]
[EventCountry "TUR"]
[SourceTitle "playchess.com"]
[Source "ChessBase"]
[SourceQuality "1"]

{[%evp 19,20,0,52]} 1. d4 Nf6 2. c4 g6 3. Nc3 Bg7 4. e4 d6 5. Nf3 O-O 6. Be2 Bg4 7. Ng1 $146 ({Predecessor:} 7. Be3 Nfd7 8. Rc1 e5 9. d5 a5 10. h3 Bxf3 11. Bxf3 f5 12. h4 f4 13. Bd2 Nc5 14. Qe2 h5 15. g4 fxg3 16. fxg3 Nba6 17. O-O Qd7 {0-1 (55) Steingrimsson,H (2573)-Kovalenko,I (2646) Batumi 2018}) 7... Bc8 8. Nf3 Bg4 9. Ng1 Bc8 10. Nf3 Bg4 1/2-1/2

[Event "IM Marmaris Karia V 2019"]
[Site "Marmaris"]
[Date "2019.03.10"]
[Round "5.5"]
[White "Ozkan, Taha"]
[Black "Szabo, Bence"]
[Result "1-0"]
[WhiteElo "2019"]
[BlackElo "2376"]
[Annotator "TA"]
[PlyCount "159"]
[EventDate "2019.03.09"]
[EventType "schev"]
[EventCountry "TUR"]
[SourceTitle "playchess.com"]
[Source "ChessBase"]
[SourceQuality "1"]

{[%evp 15,159,25,30,20,31,31,29,11,14,29,18,19,24,22,32,15,24,-43,0,-6,-15,-22,52,43,88,93,159,154,154,149,404,405,391,313,312,309,316,314,327,312,292,223,289,266,248,224,591,589,558,237,237,237,235,225,228,194,219,223,226,225,230,229,236,229,229,223,223,225,223,-867,235,48,221,152,202,22,8,8,22,18,13,12,20,29,891,336,322,283,283,277,245,224,163,208,261,260,254,261,256,260,254,252,292,243,243,243,354,243,247,239,260,163,130,56,75,8,86,97,214,198,210,118,131,0,169,0,123,0,112,139,93,140,478,473,458,458,428,429,968,481,466,466,29984,29985,29984,29982]} 1. d4 Nf6 2. Nf3 c5 3. e3 e6 4. Bd3 d5 5. b3 Nbd7 6. O-O Bd6 7. Bb2 Qc7 8. Nbd2 O-O 9. c4 {D05: Colle System with ...e6} cxd4 (9... b6 10. Rc1 Bb7 11. cxd5 exd5 12. Re1 h6 13. Nf1 Ne4 14. Ng3 f5 15. dxc5 bxc5 16. Nh4 Bxg3 17. hxg3 Qc6 18. Qh5 Qe6 {1-0 (41) Tologontegin,S (2428)-Markov,M (2407) Bishkek 2017}) 10. exd4 b6 11. Rc1 {aiming for cxd5.White has an edge.} Qd8 12. Ne5 Bb7 13. Qe2 $146 ({Predecessor:} 13. f4 g6 14. g4 dxc4 15. bxc4 Qc7 16. Qe2 Rac8 {1-0 (51) Bhakti,K (2062)-Thakur,A (1962) Chennai 2006}) 13... Rc8 14. f4 Rc7 15. Rce1 g6 16. cxd5 ({White should play} 16. Rc1 $11) 16... Bxd5 17. Ndc4 Bb4 18. Rd1 Qa8 (18... Bb7 $11) 19. Ne3 $14 Be4 20. Nxd7 Rxd7 (20... Nxd7 $142 21. d5 Bxd5) 21. Ng4 $36 {[%mdl 2112] Overworked Piece. White is on the roll.} Nxg4 22. Bxe4 Qe8 $2 {[%mdl 8192]} (22... Qd8 $16) 23. Bc6 $18 (23. Qxg4 f5 $16) (23. a3 Bd6 $18) 23... Nf6 24. Qb5 Qe7 25. Bxd7 Nxd7 26. d5 exd5 27. Qxd5 Nf6 28. Qf3 Re8 29. Be5 Nd7 30. Bc3 Bc5+ $2 (30... Nf6 31. f5 g5) 31. Kh1 Nf6 32. Bxf6 (32. f5 $142 Ne4 33. Rde1) 32... Qxf6 33. Rfe1 Rf8 34. Re4 a5 35. Rde1 Qb2 36. Qe2 Qf6 37. Rf1 Qc6 38. f5 Kg7 39. fxg6 hxg6 40. Qb2+ f6 41. Qc2 Rh8 42. Rfe1 $4 {[%mdl 8192] [#]} (42. h3 $18) 42... Qd6 $4 {[%mdl 8192] [#]} (42... Rxh2+ $1 $19 {[%mdl 512] and all is fine.} 43. Kxh2 Bd6+ {[%mdl 64] Discovered Attack} 44. g3 Qxc2+ 45. R1e2 Qc1) 43. h3 $2 ({Better is} 43. Re7+ $1 $18 Qxe7 44. Rxe7+ Bxe7 45. Qc7 {[%mdl 64] Double Attack}) 43... Rd8 $2 (43... Qg3 $14) 44. Rg4 g5 45. Rge4 $2 (45. h4 $18) 45... Qg3 $1 $11 46. Qe2 Bd6 {[%csl Gd6][%cal Rg3h2]} 47. Kg1 Qh2+ 48. Kf1 $1 Bc5 {[%cal Rh2h1]} 49. Qf3 Qg1+ $2 {[%mdl 8192]} (49... Rd7 $11 {and Black has nothing to worry.}) 50. Ke2 $18 Qh2 {If Black can now play ...Qd6 this consolidates a bit.} 51. Rd1 Rxd1 52. Kxd1 {[%mdl 4096] Endgame KQR-KQB} Qg1+ 53. Re1 Qd4+ 54. Kc2 a4 55. Qb7+ Kh6 56. Qe4 Qf2+ 57. Re2 axb3+ 58. axb3 (58. Kxb3 $6 Qf1 $18) 58... Qg3 59. Qf5 Bd4 {intending ...Qc3+.} 60. Qd3 Qf4 (60... Qc7+ $142 61. Kd1 Be5) 61. Qe4 Qc7+ 62. Kd1 Qc3 63. Qc2 {Strongly threatening Qxc3.} Qa1+ 64. Kd2 (64. Qc1 $16 {Threatens to win with Qxa1.} Qa6 65. Qb1) 64... Be5 $14 65. Qc4 (65. Re1 $16 Qd4+ 66. Ke2) 65... Bf4+ (65... b5 $1 $11 66. Qc2 Qa5+ 67. Kd1 Qa1+ 68. Qc1 Qd4+ 69. Qd2 Qa1+ 70. Qc1 Qd4+ 71. Qd2 Qa1+ 72. Qc1) 66. Kd3 $16 Qf1 (66... Be5 $16 {was worth a try.}) 67. Ke4 $1 $18 Be5 {[#]} 68. Kd5 (68. Qd3 $1 $18) 68... Qd1+ 69. Ke4 Qf1 70. Kd5 Qd1+ {[#]} 71. Kc6 (71. Ke6 $1 $16) 71... Qd6+ (71... b5 $1 $11 {remains equal.} 72. Qe4 (72. Kxb5 Qd7+ 73. Kb6 Qd8+ 74. Kb5 Qd7+ 75. Kb6 Qd8+ 76. Kb5 Qb8+ 77. Ka4 Qa7+ 78. Kb4 Qb6+ 79. Ka3 Qa7+ 80. Qa4 Qc5+ 81. Qb4 Qa7+ 82. Qa4 Qc5+ 83. Qb4 Qa7+ 84. Qa4 $11) 72... Qd6+ 73. Kxb5 Qb8+ 74. Ka6 Qd6+ 75. Ka5 Qc7+ 76. Kb4 Qd6+ 77. Kc4 Qc7+ 78. Kd5 Qf7+ 79. Kc5 Qa7+ 80. Kd5 Qf7+ 81. Kc5 Qf8+ 82. Kc6 Qe8+ 83. Kc5 Qe7+ 84. Kc4 Qe6+ 85. Qd5 Qa6+ 86. Qb5 Qe6+ 87. Kd3 Qf5+ 88. Kc4 Qe6+ 89. Qd5 Qa6+ 90. Qb5 Qe6+) 72. Kb5 $16 Qd7+ 73. Ka6 ({But not} 73. Kxb6 $6 Qd8+ 74. Kc6 Qd6+ 75. Kb5 Qb8+ 76. Ka6 Qa8+ 77. Kb5 Qb8+ 78. Ka6 Qa8+ 79. Kb6 Qb8+ 80. Kc5 Qd6+ 81. Kb5 Qb8+ $11) 73... Bb8 $2 {[%mdl 8192]} (73... b5 $16 74. Qc5 (74. Qxb5 Qd6+ 75. Qb6 Qd3+ 76. Qb5 Qd6+ 77. Qb6 Qd3+ 78. Qb5 Qd6+ $11) 74... Qe6+ 75. Qb6 (75. Kxb5 Qxb3+ 76. Ka5 Bc3+ 77. Ka6 Qa4+ 78. Kb7 Qd7+ 79. Kb8 Qd8+ 80. Kb7 Qd7+ 81. Ka8 Qd8+ 82. Kb7 Qd7+ $11) 75... Qc8+ 76. Kxb5 Qd7+ 77. Kc4 Qc8+ 78. Kb5 Qd7+ 79. Kb4 Qe7+ 80. Kc4 Qf7+ 81. Kc5 Qe7+ 82. Kb5 Qd7+) 74. Re6 $18 Qa7+ 75. Kb5 Qa5+ 76. Kc6 Be5 (76... Qa8+ $142 77. Kxb6 Qa7+ 78. Kb5 Qb7+ 79. Ka4 Qa7+ 80. Ra6 Qd7+ 81. Ka3 Be5) 77. Kb7 (77. Re8 $142) 77... b5 78. Qc5 {White threatens Qxe5 and mate.} Qd8 (78... Qc3 $18 79. Qf8+ Kh5 80. Qh8+ Kg6 81. Qg8+ Kf5) 79. Qxe5 Qd7+ 80. Kb6 {Accuracy: White = 49%, Black = 37%.} 1-0

[Event "IM Marmaris Karia V 2019"]
[Site "Marmaris"]
[Date "2019.03.10"]
[Round "6.1"]
[White "Nagy, Gabor"]
[Black "Tanriverdi, Enes"]
[Result "0-1"]
[WhiteElo "2487"]
[BlackElo "2310"]
[Annotator "TA"]
[PlyCount "96"]
[EventDate "2019.03.09"]
[EventType "schev"]
[EventCountry "TUR"]
[SourceTitle "playchess.com"]
[Source "ChessBase"]
[SourceQuality "1"]

{[%evp 16,96,3,10,28,29,39,36,50,43,41,43,37,18,33,20,2,0,43,27,66,-4,16,-19,-29,-8,-14,-26,-38,-61,-50,-68,-43,-62,-74,-135,-135,-130,-143,-151,-62,-852,-854,-837,-720,-967,-932,-1490,-1447,-1367,0,-231,-215,-230,-222,-214,-209,-242,-211,-330,-328,-312,-302,-354,-358,-363,-342,-472,-472,-484,-462,-656,-577,-685,-766,-782,-777,-730,-700,-29995,-29996,-29996,-29997]} 1. c4 Nf6 2. Nc3 g6 3. g3 Bg7 4. Bg2 O-O 5. e4 d6 6. Nge2 c5 7. O-O Nc6 8. d3 a6 9. a4 Ne8 {A36: Symmetrical English vs ...g6: 4 Bg2 Bg7} 10. Be3 Nc7 11. d4 cxd4 {White is slightly better.} 12. Nxd4 Ne6 13. Nde2 Nc5 14. h3 {[#]} f5 $146 ({Predecessor:} 14... Qa5 15. Rb1 Be6 16. Nd5 Qxa4 17. b3 Qa2 18. Bd2 Bxd5 19. exd5 Nd4 20. Nxd4 Bxd4 {½-½ (28) Alekseev,E (2625)-Khairullin,I (2538) Kazan 2005}) 15. exf5 Bxf5 16. Nf4 Kh8 (16... e5 $5 {[%cal Re5f4]} 17. Nfe2 Kh8 $11) 17. a5 Nb4 18. g4 (18. Na4 $14) 18... Bc2 19. Qe2 {[#]} Rxf4 $1 {[%mdl 512]} 20. Bxf4 Bd3 21. Qf3 Bxf1 22. Bxf1 Qf8 {And now ...e5 would win.} 23. Qg3 Ne6 24. Bd2 Be5 25. Qg2 (25. Qh4 $142) 25... Nd4 $17 26. Rd1 {[#]} Nf3+ $1 27. Kh1 Nh4 (27... Nxd2 $17 28. Rxd2 Qf4) 28. Qxb7 $2 {[%mdl 8192] [#]} (28. Qe4 $15 Qxf2 29. Qe2 Qf3+ 30. Qxf3 Nxf3 31. Be3) 28... Qxf2 $3 $19 {[%csl Ge5][%cal Rf2h2][%mdl 512]} 29. Qxa8+ Kg7 {[%csl Ge5][%cal Rf2h2]} 30. Bg2 d5 $1 {[%csl Gh4][%cal Rf2g2]} 31. Rg1 Qxd2 32. Qb7 Nf5 $2 ({Black should try} 32... Bd6 $19 33. Ne4 dxe4 34. Qxe4 Nd3 {[%mdl 64] Discovered Attack}) 33. gxf5 $2 {[#]} (33. Qxb4 $2 {is a self mate.} Ng3+ 34. Kh2 Ne4+ 35. Kh1 Nf2#) (33. Ne2 $1 $11 {and White is okay.} Qxe2 34. gxf5) 33... Qf4 $1 $40 {[%csl Ge5][%cal Rf4h2][%mdl 128] White is in trouble.} 34. Qxe7+ Kh6 {[%csl Ge5][%cal Rf4h2]} 35. Qxe5 (35. Qf8+ {gets mated.} Kh5 36. Bf3+ Qxf3+ 37. Rg2 Qf1+ 38. Rg1 Qxh3#) 35... Qxe5 36. fxg6 hxg6 37. Nxd5 (37. cxd5 {was called for.} Nd3 38. Rf1) 37... Nd3 {[%cal Rd3f2]} 38. Rf1 Qxb2 39. Ne3 Qd4 40. Ng4+ Kg7 41. Bd5 Nf4 {[%mdl 64] Double Attack} 42. Bf3 Qxc4 43. Rd1 (43. Bg2 $142) 43... Qc7 44. Rb1 {Strongly threatening Rb7.} Qxa5 45. Rb7+ Kf8 46. Kh2 Qd2+ 47. Kg3 Nh5+ 48. Kh4 Qd8+ {Accuracy: White = 36%, Black = 52%.} 0-1

[Event "IM Marmaris Karia V 2019"]
[Site "Marmaris"]
[Date "2019.03.10"]
[Round "6.2"]
[White "Bajarani, Ulvi"]
[Black "Keler, Faruk"]
[Result "1-0"]
[WhiteElo "2460"]
[BlackElo "2291"]
[Annotator "TA"]
[PlyCount "61"]
[EventDate "2019.03.09"]
[EventType "schev"]
[EventCountry "TUR"]
[SourceTitle "playchess.com"]
[Source "ChessBase"]
[SourceQuality "1"]

{[%evp 16,61,34,0,19,31,24,33,22,16,9,18,28,34,62,9,0,0,4,-3,4,-10,0,0,34,29,22,22,28,15,45,4,10,0,0,0,19,17,14,17,21,26,35,1,152,145,154,150]} 1. e4 e5 2. Nf3 Nc6 3. Bb5 a6 4. Ba4 Nf6 5. O-O b5 6. Bb3 Be7 7. d4 d6 8. c3 Bg4 9. Be3 exd4 {C84: Closed Ruy Lopez: Unusual White 6th moves} (9... d5 10. exd5 Nxd5 11. Nbd2 O-O 12. Qb1 exd4 13. cxd4 Qd7 14. a3 Bf5 15. Qa2 Be6 16. Rac1 f6 17. Qb1 {½-½ (38) Sasikiran,K (2637)-Predke,A (2508) Moscow 2016}) 10. cxd4 Na5 11. Bc2 Nc4 {White is slightly better.} 12. Bc1 c5 13. b3 Nb6 14. Bb2 $146 ({Predecessor:} 14. d5 Nbd7 15. Nbd2 O-O 16. Re1 Ne5 17. h3 {1-0 (34) Hansen,M (2009)-Marcussen,J Copenhagen 2006}) 14... cxd4 15. Bxd4 ({White should play} 15. Nbd2 $14) 15... O-O 16. Nbd2 Nfd7 17. Qe2 Bf6 18. Qe3 Re8 19. Qf4 Bxd4 (19... Bxf3 {is more complex.} 20. Nxf3 Rc8 21. Qd2 Ne5 22. Ne1 Ned7) 20. Nxd4 Qf6 21. Qxf6 Nxf6 22. f4 Bc8 23. Rae1 Bb7 24. e5 $36 {[%mdl 2048] White has the initiative.} dxe5 25. fxe5 Ng4 26. N2f3 Rad8 27. e6 {[#] exf7+ is the strong threat.} fxe6 28. Nxe6 Rc8 29. Neg5 Rxe1 $2 (29... g6 $11) 30. Bxh7+ $16 ({Not} 30. Nxe1 g6 $11) 30... Kh8 31. Rxe1 {Accuracy: White = 44%, Black = 37%.} 1-0

[Event "IM Marmaris Karia V 2019"]
[Site "Marmaris"]
[Date "2019.03.10"]
[Round "6.3"]
[White "Sibashvili, Giorgi"]
[Black "Uzumcu, Ahmet Utku"]
[Result "1-0"]
[WhiteElo "2419"]
[BlackElo "2211"]
[Annotator "TA"]
[PlyCount "105"]
[EventDate "2019.03.09"]
[EventType "schev"]
[EventCountry "TUR"]
[SourceTitle "playchess.com"]
[Source "ChessBase"]
[SourceQuality "1"]

{[%evp 15,105,49,42,38,58,31,61,35,72,43,43,42,47,50,47,40,45,48,95,95,104,110,118,117,146,146,146,146,146,146,146,141,125,114,125,131,146,135,146,136,124,120,127,81,156,95,95,102,102,82,97,99,156,161,335,358,352,314,304,293,358,343,329,33,35,35,35,35,35,43,43,51,256,149,147,40,60,94,286,279,29972,29974,29976,29976,29979,29980,29981,29981,29981,29982,29982,29983]} 1. c4 Nf6 2. Nf3 g6 3. Nc3 d5 4. cxd5 Nxd5 5. e4 Nxc3 6. dxc3 Qxd1+ 7. Kxd1 Bg7 8. Kc2 {A16: English Opening: 1...Nf6 with ...d5} (8. Be3 Nd7 9. Nd2 h5 10. Kc2 e5 11. h4 Bh6 12. Nc4 Bxe3 13. Nxe3 c6 14. Rd1 Nc5 15. f3 Be6 16. Bc4 Rd8 17. g3 Ke7 18. b4 Nd7 19. Bxe6 Kxe6 20. Nc4 Nb6 21. Nxb6 axb6 22. Rxd8 Rxd8 23. Rd1 {½-½ (23) Radjabov,T (2744)-Mamedyarov,S (2763) Moscow 2010}) 8... O-O {LiveBook: 5 Games} 9. Bg5 Re8 $146 ({Predecessor:} 9... e5 10. Bc4 Nd7 11. Be3 Re8 12. Rad1 h6 13. Nd2 Nf6 14. f3 Be6 15. b4 a5 {1-0 (28) Lesiege,A (2558)-Gravel,S (2226) Quebec 2004}) 10. Bc4 {White is slightly better.} Nd7 11. a4 a5 12. h3 Nc5 13. Nd2 e5 14. Be3 $36 {[%mdl 2048] White fights for an advantage.} Bf8 15. Rhd1 Kg7 16. f3 Bd7 17. Bb5 Bxb5 18. axb5 b6 19. Nc4 f6 20. Bxc5 $1 Bxc5 21. Rd7+ Re7 22. Rxe7+ Bxe7 $16 {[%mdl 4096] Endgame [#] KRB-KRN} 23. b4 $1 {[%mdl 512]} a4 (23... axb4 24. Rxa8) 24. Nb2 a3 25. Nc4 Kh6 26. Ne3 (26. Nxa3 $6 Kg5 $16) (26. Rxa3 $6 Rxa3 27. Nxa3 Kg5 $14) 26... Bd6 27. Kb3 Kg5 28. g3 (28. Rxa3 $6 Rxa3+ 29. Kxa3 Kf4 $11) 28... f5 {Black wants to play ...f4.} 29. h4+ (29. Rxa3 Rxa3+ 30. Kxa3 f4 $15) 29... Kf6 ({Black should try} 29... Kh5) 30. Rxa3 (30. Nd5+ $142 Ke6 31. g4 (31. Rxa3 Rxa3+ 32. Kxa3 h5 $14)) 30... Rxa3+ 31. Kxa3 {KB-KN} h5 {White should prevent ...f4.} 32. Kb3 f4 33. Nd5+ Kf7 (33... Ke6 $142 34. gxf4 exf4) 34. gxf4 exf4 {Threatens to win with ...g5.} 35. Kc4 g5 36. Kd3 $1 ({Inferior is} 36. hxg5 h4 $14) 36... g4 ({Reject} 36... gxh4 $6 37. Ke2 $16) 37. Ke2 g3 38. c4 Ke6 39. c5 $2 (39. Kf1 $18) 39... bxc5 $14 40. bxc5 g2 $1 {[%cal Rg2g1]} 41. Kf2 Bxc5+ 42. Kxg2 Bd6 43. Kf1 {And now Ke2 would win.} Be5 $2 (43... Ke5 $14) 44. Ke2 ({White should play} 44. Nb4 $18) 44... Kd6 $16 {[#]} 45. Kd3 ({Better is} 45. Nb4 $1 $16) 45... Kc5 $14 46. Ne7 $1 {[%cal Re7g6]} Bf6 $2 {[#]} (46... Bd4 $16 {was necessary.} 47. Ng6 Be3) 47. Ng6 $1 $18 {e5 is the strong threat.} Kxb5 $2 (47... Bd8 $18 48. Nxf4 Bxh4 49. Nxh5 Kxb5) 48. e5 {White mates.} Bd8 49. e6 c5 50. e7 c4+ 51. Kc3 Bxe7 52. Nxe7 Kc5 53. Ng6 {Precision: White = 64%, Black = 44%.} 1-0

[Event "IM Marmaris Karia V 2019"]
[Site "Marmaris"]
[Date "2019.03.10"]
[Round "6.4"]
[White "Szabo, Bence"]
[Black "Haussernot, Cecile"]
[Result "1-0"]
[WhiteElo "2376"]
[BlackElo "2144"]
[Annotator "TA"]
[PlyCount "85"]
[EventDate "2019.03.09"]
[EventType "schev"]
[EventCountry "TUR"]
[SourceTitle "playchess.com"]
[Source "ChessBase"]
[SourceQuality "1"]

{[%evp 13,85,12,19,-26,-29,-19,0,-18,5,3,25,27,62,66,45,58,42,47,58,-64,0,-22,90,85,65,16,18,-484,18,0,53,0,0,0,148,120,109,114,715,723,721,711,716,705,674,359,349,332,610,599,852,494,488,490,484,492,593,584,635,635,604,539,643,621,612,611,602,591,652,633,858,858,5210,5122]} 1. Nf3 d5 2. c4 c6 3. e3 Nf6 4. Nc3 e6 5. Qc2 Nbd7 6. b3 Bd6 7. Bb2 O-O 8. Rg1 {A11: English Opening: 1...c6} (8. Be2 Qe7 9. O-O b6 10. cxd5 cxd5 11. Nb5 Ba6 12. Qd1 Bxb5 13. Bxb5 a6 14. Be2 Ba3 15. Qc1 Bxb2 16. Qxb2 {½-½ (33) Ivanchuk,V (2728)-Duda,J (2707) Tbilisi 2017}) 8... e5 9. cxd5 cxd5 10. Nb5 {The position is equal.} Bb8 11. Rc1 e4 12. Nfd4 Bxh2 13. Rh1 Ng4 14. Nc7 Rb8 $146 ({Predecessor:} 14... Bxc7 15. Qxc7 Qf6 {1-0 (70) Kaczur,F (2421)-Ozen,D (2212) Celje 2016}) 15. Nxd5 {Black must now prevent Nf5.} Nde5 $1 16. Nc3 ({But not} 16. Qxe4 f5 $11) ({White should try} 16. Ba3 $14 Qxd5 17. Bxf8 Nxf2 18. Qxc8 (18. Rxh2 Nfd3+ 19. Bxd3 Nxd3+ 20. Kf1 Nxc1 $11) (18. Kxf2 Ng4+ 19. Ke2 Kxf8 $16)) 16... f5 (16... Nxf2 $1 $15 17. Rxh2 Nfd3+ 18. Bxd3 Nxd3+ 19. Kf1 Qf6+ 20. Nf3 Qa6) 17. Be2 Qh4 (17... Bd7 $11) 18. g3 $36 {[%mdl 2048] White is in control.} Qh3 19. Bf1 $1 {[%cal Rf1h3]} Qh6 20. Be2 $2 {[%mdl 8192] [#]} (20. Nd5 $11 {and White is okay.} Be6 21. Ne7+ Kh8 22. Qc7) 20... Qh3 $2 ({Black should play} 20... Nxf2 $1 $19 {[%mdl 512]} 21. Kxf2 Qh3) 21. Bf1 Qh6 22. Nd5 Bd7 $1 23. Be2 Kh8 {[#]} (23... Nxf2 $11 24. Kxf2 Qh3) 24. Nf4 $1 Rbc8 25. Qb1 g5 $2 {[%mdl 8192]} (25... Rxc1+ $16 26. Qxc1 Rc8) 26. Rxc8 $18 Bxc8 27. Bxg4 gxf4 28. Nxf5 Qf6 29. gxf4 Nd3+ 30. Qxd3 $1 Qxb2 $2 (30... exd3 31. Bxf6+ Rxf6) 31. Qxe4 {White is clearly winning.} Bd7 {and the idea ...Qa1+ leaves Black hopeful.} 32. Qd4+ Qxd4 33. Nxd4 Bxg4 34. Rxh2 {[%mdl 4096] Endgame KRB-KRN} Rc8 {[%cal Rc8c1]} 35. f3 Rc1+ 36. Ke2 Bd7 37. Rh6 Ra1 38. f5 Kg7 39. Rd6 Be8 40. Ne6+ Kg8 41. Ng5 Bb5+ 42. Kf2 {White wants to mate with f6.} Rxa2 43. f6 {Accuracy: White = 50%, Black = 31%.} 1-0

[Event "IM Marmaris Karia V 2019"]
[Site "Marmaris"]
[Date "2019.03.10"]
[Round "6.5"]
[White "Dimitrijevic, Aleksandra"]
[Black "Ozkan, Taha"]
[Result "1-0"]
[WhiteElo "2139"]
[BlackElo "2019"]
[Annotator "TA"]
[PlyCount "77"]
[EventDate "2019.03.09"]
[EventType "schev"]
[EventCountry "TUR"]
[SourceTitle "playchess.com"]
[Source "ChessBase"]
[SourceQuality "1"]

{[%evp 10,77,-16,-14,0,0,0,0,0,-6,-5,-29,-10,-41,3,-33,0,-6,0,0,-3,-1,0,-146,-68,-125,-141,-139,-142,-144,-73,-87,-81,-97,-40,-41,0,11,32,35,79,58,56,54,490,494,481,477,552,546,543,542,851,844,817,703,839,835,961,945,944,936,1082,1082,1090,964,1849,1698,29983,2777]} 1. e4 e6 2. d4 d5 3. Bd3 dxe4 4. Bxe4 Nf6 5. Bf3 c5 6. Ne2 Nc6 {[%cal Rc5d4] C01: French: Exchange Variation} 7. Be3 cxd4 8. Nxd4 Ne5 {The position is equal.} 9. O-O (9. Nc3 a6 10. Qe2 Nxf3+ 11. Qxf3 e5 12. Nb3 Bb4 13. Bg5 h6 14. Rd1 {½-½ (31) Andriasian,Z (2604)-Martirosyan,H (2607) Yerevan 2019}) 9... a6 10. c4 Be7 (10... Qc7 {looks sharper.} 11. Nd2 Be7 12. Bf4 Bd6 13. Bg3 O-O) 11. Be2 (11. Bf4 {is more complex.} Bd6 12. Bg3 O-O 13. Qe2 Qc7 14. Rd1) 11... O-O 12. Nd2 Bd7 13. h3 Rc8 $146 ({Predecessor:} 13... Qc7 14. Qb3 {1-0 (40) Zhu,J (2340)-Chen,K (1915) Daqing 2018}) 14. a3 Qc7 15. b4 Ng6 16. f4 (16. Re1 $11) 16... Rfd8 (16... Bd6 $17 {[%cal Rd6f4]} 17. f5 exf5) 17. Qb3 (17. Bd3 $15) 17... Bd6 $17 18. f5 exf5 19. Nxf5 Bh2+ (19... Bxf5 $142 20. Rxf5 Nh4 21. Rxf6 gxf6) 20. Kh1 Be5 21. Rad1 Bxf5 ({Better is} 21... b5 $17) 22. Rxf5 $15 Qe7 23. Bd3 Nh4 24. Rf2 Nh5 25. Nf1 Ng6 26. c5 Bf4 $2 {[%mdl 8192] [#]} (26... Qc7 $14) 27. Bxg6 $1 $18 hxg6 28. Bxf4 Qh4 29. Rxd8+ Rxd8 30. Bg3 Qe4 31. Qxf7+ Kh7 32. Qf3 Qc4 33. Bd6 Re8 34. Qxb7 Re1 35. Qf3 Qd4 36. Kh2 Nf6 37. Bg3 Ne4 38. Qg4 Qd3 39. Rf3 {Accuracy: White = 45%, Black = 31%.} (39. Rf8 $142 Nf6 40. Qh4+ Nh5 41. Bxe1 Qd1 42. g4 Qd5 43. gxh5 g5 44. Qf2 Qe5+ 45. Kg1) 1-0